Manual de Hemoterapia / (Record no. 59579)

MARC details
000 -LEADER
campo de control de longitud fija 00537nam a2200169 i 4500
001 - NÚMERO DE CONTROL
campo de control 59579
003 - IDENTIFICADOR DE NÚMERO DE CONTROL
campo de control ES-MaACL
007 - CAMPO FIJO DE DESCRIPCIÓN FÍSICA--INFORMACIÓN GENERAL
campo de control de longitud fija t|
008 - DATOS DE LONGITUD FIJA--INFORMACIÓN GENERAL
campo de control de longitud fija 031029s1934 sp ||||1| spa d
100 1# - ENTRADA PRINCIPAL--NOMBRE DE PERSONA
Nombre de persona Elosegui, C.
9 (RLIN) 47090
245 10 - MENCIÓN DEL TÍTULO
Título Manual de Hemoterapia /
Mención de responsabilidad, etc. C. Elosegui ; con la colaboración de P. Hors y M. Herrero.
260 ## - PUBLICACIÓN, DISTRIBUCIÓN, ETC.
Lugar de publicación, distribución, etc. Madrid :
Nombre del editor, distribuidor, etc. [s.n.,
Fecha de publicación, distribución, etc. 1934] (
Fabricante Estades Artes Gráficas)
300 ## - DESCRIPCIÓN FÍSICA
Extensión XVI, 510 p., 11 lám. :
Otras características físicas il. ;
Dimensiones 22 cm.
700 1# - ENTRADA AGREGADA--NOMBRE PERSONAL
Nombre de persona Hors, P.
9 (RLIN) 64247
700 1# - ENTRADA AGREGADA--NOMBRE PERSONAL
Nombre de persona Herrero, M.
9 (RLIN) 63273
852 ## - LOCALIZACIÓN
Ubicación ES-MaACL
Número de control de estantería C-6106
Sublocalización o colección R.35281
Holdings
Estatus retirado Estado de pérdida Estado de daño No para préstamo Biblioteca de origen Biblioteca actual Ubicación en estantería Fecha de adquisición Fuente de adquisición Total de préstamos Signatura topográfica completa Código de barras Visto por última vez Precio de reemplazo Tipo de ítem Koha
        Biblioteca del Ateneo de Madrid Biblioteca del Ateneo de Madrid Sala Palomar 17/01/2008     C-6106 1062492 23/02/2023 23/02/2023 Libro impreso